[Event "SF Beelen 1 - SF Telgte 1"]
[Site "Verbandsliga 2018/2019"]
[Date "2018.11.24"]
[Round "4.6"]
[White "Fartmann, Franz Josef"]
[Black "Pohl, Detlev"]
[Result "1-0"]
[WhiteElo "1782"]
[BlackElo "1821"]
[PlyCount "129"]
[EventDate "2018.??.??"]
[SourceDate "2018.09.09"]

1. Nf3 d6 2. g3 e5 3. d3 Be7 4. Bg2 c6 5. O-O Nf6 6. e4 O-O 7. Nc3 Re8 8. h3
Bf8 9. Kh2 Na6 10. Re1 Nc7 11. d4 Qe7 12. b3 Rd8 13. Ba3 Qe8 14. Qe2 b5 15.
dxe5 dxe5 16. Bxf8 Kxf8 17. Qe3 Qe7 18. Rad1 Rxd1 19. Rxd1 Bb7 20. Ne1 Nd7 21.
Bf1 Nb6 22. Nd3 Na6 23. Nb1 Rd8 24. Be2 f6 25. a3 Bc8 26. Nb2 Rxd1 27. Nxd1 Nc5
28. Nb2 Ne6 29. b4 Qd6 30. c4 Qd4 31. Qxd4 Nxd4 32. Bf1 Be6 33. cxb5 cxb5 34.
Nc3 a6 35. a4 Bc4 36. Nxc4 Nxc4 37. axb5 axb5 38. Nxb5 Nxb5 39. Bxc4 Nd6 40.
Bd3 Ke7 41. f4 g5 42. fxg5 fxg5 43. h4 gxh4 44. gxh4 Kf6 45. Kg3 Kg6 46. b5 Nc8
47. Bc4 Nb6 48. Bd5 Na4 49. Bc6 Nb6 50. Be8+ Kf6 51. Kg4 Nc4 52. Bc6 Kg6 53.
Be8+ Kh6 54. Bd7 Ne3+ 55. Kf3 Nc4 56. Be6 Nb6 57. Kg4 Kg6 58. Bf5+ Kh6 59. Kf3
Nc4 60. Ke2 Kh5 61. Bxh7 Kxh4 62. Kd3 Nb6 63. Kc3 Kg5 64. Kb4 Kf4 65. Kc5 1-0

[Event "SF Beelen 1 - SF Telgte 1"]
[Site "Verbandsliga 2018/2019"]
[Date "2018.11.24"]
[Round "4.7"]
[White "Dieckmann, Werner"]
[Black "Hofene, Josef"]
[Result "1-0"]
[WhiteElo "1769"]
[BlackElo "1770"]
[PlyCount "89"]
[EventDate "2018.??.??"]
[SourceDate "2018.09.09"]

1. d4 d6 2. Nf3 Nd7 3. Bf4 Ngf6 4. h3 e6 5. Nbd2 Be7 6. e3 O-O 7. c3 b6 8. Qc2
a5 9. Bd3 Ba6 10. O-O Bxd3 11. Qxd3 Kh8 12. e4 Nh5 13. Bh2 f5 14. Rfe1 fxe4 15.
Qxe4 Rf6 16. Qg4 g6 17. Rxe6 Ng7 18. Rxf6 Nxf6 19. Qf4 Qd7 20. Qe3 Bf8 21. Qd3
Re8 22. Re1 Nf5 23. Rxe8 Qxe8 24. g4 Ng7 25. Bf4 Qf7 26. Bg5 Nge8 27. b3 h6 28.
Bxf6+ Nxf6 29. Nh4 Kg7 30. Ng2 h5 31. f3 Nh7 32. gxh5 g5 33. Qe4 Qxh5 34. Qf5
Qg6 35. Qxg6+ Kxg6 36. Ne3 Nf6 37. Ne4 Ne8 38. Kg2 Bg7 39. Kg3 c6 40. Kg4 Bf6
41. d5 c5 42. Nc4 Bd8 43. Ncxd6 Nf6+ 44. Nxf6 Kxf6 45. c4 1-0

[Event "SF Beelen 1 - SF Telgte 1"]
[Site "Verbandsliga 2018/2019"]
[Date "2018.11.24"]
[Round "4.8"]
[White "Radinger, Rudolf"]
[Black "Muth, Josef"]
[Result "1/2-1/2"]
[WhiteElo "1538"]
[BlackElo "1951"]
[PlyCount "54"]
[EventDate "2018.??.??"]
[SourceDate "2018.09.09"]

1. Nf3 Nf6 2. b3 e6 3. Bb2 d5 4. e3 Be7 5. Be2 O-O 6. O-O b6 7. d3 Bb7 8. Nbd2
Nbd7 9. c4 Rc8 10. Qc2 c5 11. Rad1 Qc7 12. Rfe1 Rfd8 13. Qb1 Bf8 14. Qa1 Bd6
15. h3 Re8 16. a3 e5 17. cxd5 Bxd5 18. Nc4 b5 19. Nxd6 Qxd6 20. Nd2 a6 21. Rc1
Qe6 22. b4 Ba8 23. Bf1 Qd5 24. Red1 h6 25. Nf3 Qe6 26. Ne1 Rc6 27. Rc2 c4
1/2-1/2

[Event "SV Heiden 1 - TV Borken 1"]
[Site "Verbandsliga 2018/2019"]
[Date "2018.11.24"]
[Round "4.1"]
[White "Schulze Schwering, Philipp"]
[Black "Wienen, Hermann"]
[Result "1-0"]
[WhiteElo "2063"]
[BlackElo "1934"]
[PlyCount "79"]
[EventDate "2018.??.??"]
[SourceDate "2018.09.09"]

1. d4 e6 2. Nf3 Nf6 3. g3 d5 4. Bg2 Be7 5. O-O O-O 6. c4 Nbd7 7. Qc2 c6 8. Rd1
Re8 9. Bf4 Ne4 10. Nc3 Nxc3 11. bxc3 Nf8 12. e4 Ng6 13. Be3 dxe4 14. Qxe4 Qc7
15. h4 f5 16. Qc2 f4 17. h5 fxe3 18. hxg6 exf2+ 19. Kxf2 h6 20. Ne5 Rf8+ 21.
Kg1 Bd7 22. Rf1 Bf6 23. Rae1 Rad8 24. Bh3 Bc8 25. Qh2 c5 26. Nf7 Rxf7 27. gxf7+
Qxf7 28. dxc5 Qe7 29. Qf2 Bxc3 30. Rd1 Re8 31. Kh2 e5 32. Bxc8 Rxc8 33. Qe3 Bb4
34. Rd5 Rxc5 35. Rfd1 Rxd5 36. Rxd5 Qc7 37. Qxe5 Qf7 38. Rd8+ Bf8 39. Qd5 Qxd5
40. cxd5 1-0

[Event "SV Heiden 1 - TV Borken 1"]
[Site "Verbandsliga 2018/2019"]
[Date "2018.11.24"]
[Round "4.2"]
[White "Ehrlich, Hans Georg"]
[Black "Beckmann, David"]
[Result "1/2-1/2"]
[WhiteElo "1812"]
[BlackElo "2034"]
[PlyCount "82"]
[EventDate "2018.??.??"]
[SourceDate "2018.09.09"]

1. b4 c5 2. bxc5 e5 3. e3 Bxc5 4. d4 exd4 5. exd4 Be7 6. Nf3 Nf6 7. Be2 O-O 8.
O-O d5 9. c3 Nc6 10. Qc2 Bg4 11. Ne5 Bxe2 12. Nxc6 bxc6 13. Qxe2 Re8 14. Be3
Qa5 15. Qd3 Ne4 16. f3 Nd6 17. Nd2 Bf6 18. Bf2 Nb5 19. Rfc1 Bg5 20. a4 Nd6 21.
Nb3 Qd8 22. Re1 Rxe1+ 23. Rxe1 Nc4 24. Qc2 h5 25. Nc5 h4 26. h3 Rb8 27. Rb1 Rb6
28. Rb3 Qe7 29. Qd1 Be3 30. Qe1 Bxf2+ 31. Qxf2 Qg5 32. f4 Qe7 33. Kh2 g6 34.
Rxb6 axb6 35. Nd3 Qa3 36. Qc2 Ne3 37. Qe2 Qe7 38. Ne5 Nc4 39. Qg4 Nxe5 40. fxe5
Kg7 41. Qc8 Qg5 1/2-1/2

[Event "SV Heiden 1 - TV Borken 1"]
[Site "Verbandsliga 2018/2019"]
[Date "2018.11.24"]
[Round "4.4"]
[White "Niewerth, Gerd"]
[Black "Thesing, Ansgar"]
[Result "0-1"]
[WhiteElo "1803"]
[BlackElo "1834"]
[PlyCount "134"]
[EventDate "2018.??.??"]
[SourceDate "2018.09.09"]

1. e4 c5 2. Nf3 e6 3. d4 cxd4 4. Nxd4 a6 5. Nc3 Qc7 6. Be2 Bb4 7. Bd2 Nf6 8.
Bf3 Nc6 9. Nb3 b6 10. a3 Bd6 11. g3 h5 12. Bg5 Bb7 13. Qe2 Ne5 14. Bxf6 Nxf3+
15. Qxf3 gxf6 16. O-O-O Be5 17. Rd3 f5 18. Qe2 Bxc3 19. Rxc3 Qe5 20. Re1 fxe4
21. Qe3 Qd6 22. Rd1 Bd5 23. Qg5 Qe7 24. Qe5 f6 25. Qc7 Qd8 26. Qd6 Kf7 27. Rxd5
exd5 28. Rc7 Kg6 29. Rxd7 Qe8 30. Qxd5 Rd8 31. Rxd8 Qxd8 32. Qxe4+ f5 33. Qe6+
Qf6 34. Qxf6+ Kxf6 35. Kd2 h4 36. Ke3 hxg3 37. hxg3 Re8+ 38. Kd2 Rd8+ 39. Ke2
Kg5 40. f3 Rh8 41. Nd4 Rh3 42. g4 fxg4 43. fxg4 Kxg4 44. Nc6 Kf5 45. Nb4 a5 46.
Nd5 b5 47. Ne7+ Ke4 48. Kd2 Rh6 49. b3 Re6 50. Nc8 Kd5 51. a4 bxa4 52. bxa4 Kc4
53. Na7 Rh6 54. Nb5 Rh2+ 55. Kc1 Kb4 56. Kb2 Kxa4 57. Nc3+ Kb4 58. Na2+ Kc4 59.
Nc3 Rh3 60. Na2 Rg3 61. Nc1 Rg8 62. Na2 Rb8+ 63. Ka3 Rb1 64. c3 Kb5 65. c4+
Kxc4 66. Ka4 Kd3 67. Ka3 Kc2 0-1

[Event "SV Heiden 1 - TV Borken 1"]
[Site "Verbandsliga 2018/2019"]
[Date "2018.11.24"]
[Round "4.5"]
[White "Farwick, Christian"]
[Black "Winzenhoerlein, Thomas"]
[Result "1/2-1/2"]
[WhiteElo "1811"]
[BlackElo "1793"]
[PlyCount "65"]
[EventDate "2018.??.??"]
[SourceDate "2018.09.09"]

1. Nf3 d5 2. d4 Bg4 3. c3 e6 4. Bf4 Nd7 5. Nbd2 Bxf3 6. Nxf3 Bd6 7. e3 f5 8.
Bxd6 cxd6 9. Qb3 Qb6 10. Bb5 Ngf6 11. Ng5 Ke7 12. O-O a6 13. Bxd7 Nxd7 14. Qc2
h6 15. Nh3 g5 16. f3 Raf8 17. Rf2 Nf6 18. Re1 Rf7 19. Rd2 Rhf8 20. Nf2 Qb5 21.
Nd3 Rg7 22. b3 g4 23. c4 dxc4 24. bxc4 Qd7 25. fxg4 Rxg4 26. Nf2 Rg7 27. e4
Nxe4 28. Nxe4 fxe4 29. Qxe4 Rf6 30. Rb2 Kf8 31. c5 dxc5 32. dxc5 Qd5 33. Qxd5
1/2-1/2

[Event "SV Heiden 1 - TV Borken 1"]
[Site "Verbandsliga 2018/2019"]
[Date "2018.11.24"]
[Round "4.6"]
[White "Wichert, Michael"]
[Black "Klugstedt, Vincent"]
[Result "1-0"]
[WhiteElo "1696"]
[BlackElo "1881"]
[PlyCount "57"]
[EventDate "2018.??.??"]
[SourceDate "2018.09.09"]

1. b4 e5 2. Bb2 f6 3. b5 d5 4. e3 Bd6 5. d4 Ne7 6. c4 Be6 7. c5 Bxc5 8. dxc5 c6
9. a4 Nd7 10. Ba3 Qa5+ 11. Nd2 Rc8 12. Ngf3 Bg4 13. Be2 Bxf3 14. gxf3 O-O 15.
O-O f5 16. e4 Rf6 17. exd5 cxd5 18. c6 Nxc6 19. bxc6 bxc6 20. Kh1 Rh6 21. Rg1
Rh4 22. Nc4 Qc3 23. Rc1 Qd4 24. Qxd4 exd4 25. Nd6 Rf8 26. Rxc6 Ne5 27. Rc7 g6
28. Rxa7 d3 29. Bd1 1-0

[Event "SV Heiden 1 - TV Borken 1"]
[Site "Verbandsliga 2018/2019"]
[Date "2018.11.24"]
[Round "4.7"]
[White "Wagner, Nils Frederic"]
[Black "Wienen, Josef"]
[Result "1/2-1/2"]
[WhiteElo "1665"]
[BlackElo "1623"]
[PlyCount "36"]
[EventDate "2018.??.??"]
[SourceDate "2018.09.09"]

1. c4 c5 2. g3 g6 3. Bg2 Bg7 4. Nc3 Nf6 5. Nf3 O-O 6. O-O Nc6 7. d4 cxd4 8.
Nxd4 d6 9. Nxc6 bxc6 10. Bxc6 Rb8 11. b3 Ng4 12. Bb2 Ne5 13. Bg2 Nxc4 14. Qc1
Nxb2 15. Qxb2 Ba6 16. Rac1 Rc8 17. Qa3 Bxc3 18. Qxa6 Bd4 1/2-1/2

[Event "SV Heiden 1 - TV Borken 1"]
[Site "Verbandsliga 2018/2019"]
[Date "2018.11.24"]
[Round "4.8"]
[White "Wigger, Niklas"]
[Black "Theissen, Frank"]
[Result "1/2-1/2"]
[WhiteElo "1727"]
[BlackElo "1693"]
[PlyCount "56"]
[EventDate "2018.??.??"]
[SourceDate "2018.09.09"]

1. e4 e6 2. d4 d5 3. Nd2 dxe4 4. Nxe4 Bd7 5. Nf3 Bc6 6. Bd3 Nd7 7. O-O Ngf6 8.
Nxf6+ Nxf6 9. c3 Bxf3 10. Qxf3 Qd5 11. Qxd5 Nxd5 12. Re1 O-O-O 13. a4 h6 14. a5
c6 15. a6 b6 16. Bd2 Nf6 17. Be3 Nd5 18. Rac1 Nxe3 19. fxe3 Bd6 20. Rf1 Rhf8
21. b4 Kd7 22. Rf2 Ke7 23. Rb1 f5 24. g3 Rb8 25. e4 fxe4 26. Bxe4 Rxf2 27. Kxf2
Rf8+ 28. Kg2 Kd7 1/2-1/2